Kreise der Preußischen Rheinprovinz 1900 - mit Karte - Statistiken

Allgemein
  • Dieses Quiz wurde 221 mal gespielt
  • Das Durchschnittsergebnis liegt bei 33 aus 75
Antworten auf der Karte
Die Antworten werden auf der Karte rot bzw. grün angezeigt, abhängig davon wie oft sie richtig erraten wurden.
 
Antwortstatistiken
Kreis % Korrekt
Köln
99%
Köln
99%
Düsseldorf
98%
Düsseldorf
98%
Aachen
97%
Aachen
97%
Bonn
91%
Bonn
91%
Duisburg
89%
Trier
89%
Trier
89%
Koblenz
88%
Koblenz
88%
Essen
86%
Essen
86%
Gladbach
80%
München-Gladbach
80%
Krefeld
74%
Krefeld
74%
Kleve
71%
Neuß
63%
Solingen
62%
Solingen
62%
Düren
59%
Siegkreis
59%
Mülheim
55%
Mülheim am Rhein
55%
Saarbrücken
55%
Bitburg
52%
Euskirchen
50%
Remscheid
46%
Heinsberg
45%
Neuwied
45%
Ahrweiler
44%
Mörs
43%
Saarlouis
43%
Cochem
34%
Jülich
34%
Barmen
32%
Merzig
32%
Mettmann
31%
Prüm
31%
Elberfeld
29%
Kreuznach
29%
Mayen
29%
Altenkirchen
28%
St. Wendel
28%
Saarburg
27%
Eupen
25%
Geldern
24%
Malmedy
23%
Grevenbroich
22%
Wetzlar
22%
Erkelenz
20%
Montjoie
18%
Zell
18%
Bernkastel
17%
Gummersbach
17%
Simmern
17%
Daun
15%
Geilenkirchen
15%
Rees
15%
Bergheim
14%
Wittlich
13%
St. Goar
12%
Kempen
11%
Adenau
10%
Rheinbach
8%
Schleiden
8%
Ruhrort
7%
Ottweiler
6%
Meisenheim
5%
Lennep
2%
Waldbröl
2%
Wipperfürth
0%
Keine übereinstimmenden Quizze gefunden
Verteilung der Resultate
Anzahl Personen mit jedem Resultat
Perzentil nach korrekt beantworteten Fragen
Ihre Resultats-Entwicklung
Sie haben dieses Quiz noch nicht gespielt